[Event "CYCC U12 w"]
[Site "Victoria CAN"]
[Date "2005.03.24"]
[Round "2.1"]
[White "Bullerkist, Caitlin"]
[Black "Smith, Stephanie"]
[Result "0-1"]
[WhiteElo "1194"]
[BlackElo "1516"]
[PlyCount "118"]
[GameId "2160767910969203"]
[EventDate "2005.03.24"]
[EventType "tourn"]
[EventRounds "7"]
[EventCountry "CAN"]

1. e4 e5 2. Bc4 Nf6 3. Nc3 Nc6 4. Nf3 Nxe4 5. Nxe4 d5 6. Bb5 dxe4 7. Nxe5 Qd5 8. Bxc6+ bxc6 9. Ng4 Qg5 10. h3 h5 11. Ne3 Bc5 12. d4 exd3 13. Nc4 Qxg2 14. Rf1 Qe4+ 15. Be3 Qxc4 16. cxd3 Qb4+ 17. Qd2 Qxd2+ 18. Bxd2 Bxh3 19. Rh1 Bg4 20. Rd1 Bxd1 21. Kxd1 Bxf2 22. Ke2 Bd4 23. b3 O-O-O 24. Rf1 f6 25. Rf5 g5 26. Bb4 Rde8+ 27. Kd2 g4 28. Bc5 Bxc5 29. Rxc5 Kd7 30. Rc1 f5 31. Rf1 Ref8 32. Ke3 Ke6 33. Kf4 h4 34. Rc1 Kd5 35. d4 h3 36. Rc5+ Kxd4 37. Rc4+ Kd5 38. Rc1 h2 39. Rd1+ Ke6 40. Re1+ Kf6 41. Kg3 h1=Q 42. Rxh1 Rxh1 43. Kf4 Ra1 44. a4 c5 45. Kg3 Ra3 46. Kf4 Rxa4+ 47. bxa4 c4 48. Ke3 c3 49. Kd3 g3 50. Kxc3 g2 51. a5 g1=Q 52. Kc4 Qe3 53. a6 Rd8 54. Kb5 Rd5+ 55. Kc6 Qc5+ 56. Kb7 Qb6+ 57. Kc8 Qc6 58. Kb8 Rd8+ 59. Kxa7 Qa8# 0-1

[Event "CYCC U12 w"]
[Site "Victoria CAN"]
[Date "2005.03.24"]
[Round "2.1"]
[White "Durbalau, Diana"]
[Black "Percival, Helen"]
[Result "0-1"]
[WhiteElo "873"]
[BlackElo "1007"]
[PlyCount "60"]
[GameId "2160767910969204"]
[EventDate "2005.03.24"]
[EventType "tourn"]
[EventRounds "7"]
[EventCountry "CAN"]

1. e4 e5 2. Nf3 Nc6 3. Nc3 Nf6 4. Bc4 Bb4 5. Nd5 Nxe4 6. O-O Bc5 7. Qe1 Nf6 8. Nxe5 O-O 9. Nxc6 dxc6 10. Nf4 Re8 11. Qd1 Bg4 12. Be2 Bf5 13. Nh5 h6 14. Bc4 Nxh5 15. Qxh5 Qf6 16. Kh1 Re5 17. d3 Bg6 18. Qg4 Bd6 19. Bf4 Rh5 20. Bxd6 Qxd6 21. g3 Rg5 22. Qf3 Bh5 23. g4 Rxg4 24. Rae1 Rg1+ 25. Kxg1 Bxf3 26. Be6 Qe7 27. h4 Qxh4 28. Bxf7+ Kh8 29. Re8+ Rxe8 30. Bd5 Qh1# 0-1

[Event "CYCC U12 w"]
[Site "Victoria CAN"]
[Date "2005.03.25"]
[Round "3"]
[White "Smith, Stephanie"]
[Black "Orlova, Yelizaveta"]
[Result "1/2-1/2"]
[WhiteElo "1516"]
[BlackElo "1287"]
[PlyCount "181"]
[GameId "2160767910969205"]
[EventDate "2005.03.24"]
[EventType "tourn"]
[EventRounds "7"]
[EventCountry "CAN"]

1. d4 Nf6 2. Nf3 g6 3. Bf4 Bg7 4. e3 O-O 5. Nbd2 d6 6. Bd3 c5 7. c3 a6 8. Qc2 b5 9. dxc5 dxc5 10. Ne4 Nbd7 11. Rd1 Qb6 12. Nxf6+ Nxf6 13. Be5 Bb7 14. Qe2 Qe6 15. Bxf6 Bxf6 16. h4 Qg4 17. Rh2 Bg7 18. Ng5 Qxe2+ 19. Kxe2 e5 20. h5 h6 21. Ne4 c4 22. Bc2 g5 23. Nd6 Bc6 24. Nf5 Ra7 25. Rd6 Bd7 26. Nxh6+ Bxh6 27. Rxh6 Kg7 28. Rh7+ Kg8 29. h6 f5 30. Rg7+ Kh8 31. Rxg5 Bc8 32. e4 Raf7 33. f3 fxe4 34. Bxe4 Re7 35. h7 Bb7 36. Bxb7 Rxb7 37. Rxe5 Rxh7 38. Rxh7+ Kxh7 39. Re6 Ra8 40. a4 bxa4 41. Rc6 Rb8 42. Rxa6 Rxb2+ 43. Ke3 Ra2 44. g4 Kg7 45. Rc6 a3 46. Rxc4 Rb2 47. Ra4 a2 48. f4 Rg2 49. g5 Rg3+ 50. Kd4 Rg2 51. Ke5 Rc2 52. Kf5 Rxc3 53. Rxa2 Rc5+ 54. Kg4 Rc4 55. Ra5 Kg6 56. Ra6+ Kg7 57. Rf6 Rb4 58. Kh5 Rb2 59. Kg4 Rb4 60. Re6 Kf7 61. Kf5 Rxf4+ 62. Kxf4 Kxe6 63. Ke4 Kf7 64. Kf5 Kg7 65. g6 Kg8 66. Kg5 Kg7 67. Kh5 Kg8 68. Kh6 Kh8 69. Kh5 Kg7 70. Kg5 Kg8 71. Kf6 Kf8 72. Ke6 Kg7 73. Kf5 Kg8 74. Kg4 Kg7 75. Kg5 Kg8 76. Kh5 Kg7 77. Kg5 Kg8 78. Kf4 Kg7 79. Kg5 Kg8 80. Kh6 Kh8 81. Kg5 Kg7 82. Kf5 Kg8 83. Kg5 Kg7 84. Kh5 Kg8 85. Kg4 Kg7 86. Kf5 Kg8 87. Ke6 Kg7 88. Kf5 Kg8 89. Kf4 Kg7 90. Kg5 Kg8 91. Kh4 1/2-1/2

[Event "CYCC U12 w"]
[Site "Victoria CAN"]
[Date "2005.03.25"]
[Round "3.2"]
[White "Frenette, Catherine"]
[Black "Durbalau, Diana"]
[Result "1-0"]
[WhiteElo "1432"]
[BlackElo "873"]
[PlyCount "61"]
[GameId "2160767910969206"]
[EventDate "2005.03.24"]
[EventType "tourn"]
[EventRounds "7"]
[EventCountry "CAN"]

1. d4 d5 2. c4 c6 3. Nc3 Nf6 4. cxd5 Nxd5 5. e4 Nxc3 6. bxc3 c5 7. Nf3 Bg4 8. Bc4 e6 9. Be3 Be7 10. O-O O-O 11. Be2 Qc7 12. Ne5 Bxe2 13. Qxe2 Nc6 14. Nd3 c4 15. Nb2 Na5 16. e5 f6 17. Qg4 f5 18. Qg3 g6 19. h4 Kf7 20. Bg5 Rg8 21. Bxe7 Qxe7 22. Na4 b6 23. Rad1 Rab8 24. Qf3 b5 25. Nb2 b4 26. d5 Rbd8 27. d6 Qxh4 28. cxb4 Nb7 29. Qxb7+ Kf8 30. g3 Qe4 31. Qe7# 1-0

[Event "CYCC U12 w"]
[Site "Victoria CAN"]
[Date "2005.03.25"]
[Round "3.3"]
[White "Percival, Helen"]
[Black "Wang, Amanda"]
[Result "0-1"]
[WhiteElo "1007"]
[BlackElo "1140"]
[PlyCount "80"]
[GameId "2160767910969207"]
[EventDate "2005.03.24"]
[EventType "tourn"]
[EventRounds "7"]
[EventCountry "CAN"]

1. e4 c6 2. Nf3 d5 3. Nc3 dxe4 4. Nxe4 Bf5 5. Ng3 Bg6 6. Bc4 Nd7 7. d4 Qc7 8. O-O Ngf6 9. Re1 e6 10. Bd2 Bd6 11. c3 O-O 12. Qe2 Rfe8 13. Ng5 h6 14. Be3 Nh5 15. Nxh5 Bxh5 16. Bd3 Bxh2+ 17. Kf1 Bd6 18. Bd2 e5 19. Qe4 Nf6 20. Qe3 e4 21. Bxe4 Rxe4 22. Qd3 Rae8 23. Rxe4 Rxe4 24. b4 Bf3 25. Qxf3 Be7 26. g3 Re6 27. Bf4 Bd6 28. Be3 Nd5 29. Bd2 Rf6 30. Qd3 Bxg3 31. Be1 Qd7 32. Qe4 Qh3+ 33. Qg2 Ne3+ 34. Ke2 Nxg2 35. Bd2 Rxf2+ 36. Kd3 Bf4+ 37. Be3 Qxe3+ 38. Kc4 Qe6+ 39. Kd3 Ne1+ 40. Rxe1 Rd2# 0-1

[Event "CYCC U12 w"]
[Site "Victoria CAN"]
[Date "2005.03.25"]
[Round "4.1"]
[White "Wang, Amanda"]
[Black "Frenette, Catherine"]
[Result "0-1"]
[WhiteElo "1140"]
[BlackElo "1432"]
[PlyCount "118"]
[GameId "2160767910969208"]
[EventDate "2005.03.24"]
[EventType "tourn"]
[EventRounds "7"]
[EventCountry "CAN"]

1. e4 c5 2. Nf3 d6 3. d4 cxd4 4. Nxd4 Nf6 5. Nc3 a6 6. Be2 e6 7. Be3 Be7 8. O-O b5 9. a3 Bb7 10. Bd3 Nbd7 11. f4 O-O 12. Qe1 Nc5 13. Bd2 e5 14. Nf5 Nxd3 15. cxd3 Nd7 16. Qg3 g6 17. Nxe7+ Qxe7 18. f5 Nc5 19. Bh6 Rfd8 20. Bg5 f6 21. Bd2 g5 22. b4 Nb3 23. Rad1 Nxd2 24. Rxd2 d5 25. Rdd1 d4 26. Ne2 a5 27. Rb1 Rdc8 28. Rfc1 Rxc1+ 29. Nxc1 Qc7 30. Na2 Qc2 31. Ra1 Qb2 32. Qe1 axb4 33. Nxb4 Rxa3 34. Rxa3 Qxa3 35. Qb1 Qc3 36. Na2 Qc5 37. Qb4 Qxb4 38. Nxb4 Kf7 39. Kf2 Ke7 40. Ke2 Kd6 41. Kd2 Kc5 42. Nc2 b4 43. Na1 Ba6 44. Ke2 Bb5 45. Kd2 Ba4 46. Kc1 b3 47. Kb2 Kb4 48. g4 Bb5 49. Nxb3 Bxd3 50. Nd2 Be2 51. h3 h5 52. gxh5 Bxh5 53. Kc2 Be2 54. Kc1 Kc3 55. Nb1+ Kd3 56. Nd2 Ke3 57. Kc2 Bd3+ 58. Kc1 Bxe4 59. Nxe4 Kxe4 0-1

[Event "CYCC U12 w"]
[Site "Victoria CAN"]
[Date "2005.03.25"]
[Round "4.2"]
[White "Durbalau, Diana"]
[Black "Smith, Stephanie"]
[Result "0-1"]
[WhiteElo "873"]
[BlackElo "1516"]
[PlyCount "37"]
[GameId "2160767910969209"]
[EventDate "2005.03.24"]
[EventType "tourn"]
[EventRounds "7"]
[EventCountry "CAN"]

1. e4 e5 2. Nf3 Nc6 3. Nc3 Nf6 4. Bc4 Bb4 5. O-O d6 6. d3 h6 7. Nd5 Bc5 8. Bb5 Bd7 9. Be3 Bb6 10. Nxb6 axb6 11. Bxc6 Bxc6 12. d4 Bxe4 13. dxe5 dxe5 14. Nxe5 Qe7 15. Bf4 g5 16. Bg3 h5 17. f4 h4 18. Be1 gxf4 19. Nf3 0-1

[Event "CYCC U12 w"]
[Site "Victoria CAN"]
[Date "2005.03.25"]
[Round "4.3"]
[White "Orlova, Yelizaveta"]
[Black "Bullerkist, Caitlin"]
[Result "1-0"]
[WhiteElo "1287"]
[BlackElo "1194"]
[PlyCount "51"]
[GameId "2160767910969210"]
[EventDate "2005.03.24"]
[EventType "tourn"]
[EventRounds "7"]
[EventCountry "CAN"]

1. e4 e5 2. Nf3 Nc6 3. Nc3 g6 4. Bc4 Bg7 5. d3 d6 6. Ng5 d5 7. Bxd5 Be6 8. Nxe6 fxe6 9. Bxe6 Nf6 10. O-O Nd4 11. Bc4 Rb8 12. Bg5 h6 13. Bh4 g5 14. Bg3 b5 15. Bb3 Nxb3 16. axb3 Nd7 17. Rxa7 b4 18. Ne2 O-O 19. c3 bxc3 20. bxc3 Rc8 21. d4 exd4 22. Nxd4 c5 23. Ne6 Qb6 24. Qxd7 Rf7 25. Qxf7+ Kh7 26. Qxg7# 1-0

[Event "CYCC U12 w"]
[Site "Victoria CAN"]
[Date "2005.03.26"]
[Round "5.1"]
[White "Bullerkist, Caitlin"]
[Black "Durbalau, Diana"]
[Result "1/2-1/2"]
[WhiteElo "1194"]
[BlackElo "873"]
[PlyCount "20"]
[GameId "2160767910969211"]
[EventDate "2005.03.24"]
[EventType "tourn"]
[EventRounds "7"]
[EventCountry "CAN"]

1. e4 e5 2. Nf3 Nc6 3. Bc4 Nf6 4. Nc3 Bc5 5. O-O O-O 6. d3 d6 7. h3 h6 8. Be3 b6 9. Bxc5 bxc5 10. Bd5 Bb7 1/2-1/2

[Event "CYCC U12 w"]
[Site "Victoria CAN"]
[Date "2005.03.26"]
[Round "5.2"]
[White "Smith, Stephanie"]
[Black "Wang, Amanda"]
[Result "1-0"]
[WhiteElo "1516"]
[BlackElo "1140"]
[PlyCount "71"]
[GameId "2160767910969212"]
[EventDate "2005.03.24"]
[EventType "tourn"]
[EventRounds "7"]
[EventCountry "CAN"]

1. d4 d5 2. Nf3 Nf6 3. Bf4 Bf5 4. e3 e6 5. Nbd2 Nbd7 6. c3 c5 7. Be2 Be7 8. Ne5 Ne4 9. Bb5 Nef6 10. Ndf3 h6 11. Nxd7 Nxd7 12. Ne5 a6 13. Bxd7+ Kf8 14. Ba4 b5 15. Nc6 Qd7 16. Nxe7 Qxe7 17. Bc2 Bxc2 18. Qxc2 c4 19. O-O g5 20. Bg3 h5 21. h3 h4 22. Bh2 f5 23. f3 Ke8 24. Qe2 Qh7 25. Rae1 Kd7 26. e4 fxe4 27. fxe4 Qxe4 28. Qxe4 dxe4 29. Rxe4 Kc6 30. Rxe6+ Kd7 31. Rg6 Rhf8 32. Rg7+ Ke6 33. Rg6+ Kd7 34. Rd6+ Ke7 35. Rxf8 Kxf8 36. Rg6 1-0

[Event "CYCC U12 w"]
[Site "Victoria CAN"]
[Date "2005.03.26"]
[Round "5.3"]
[White "Frenette, Catherine"]
[Black "Percival, Helen"]
[Result "1-0"]
[WhiteElo "1432"]
[BlackElo "1007"]
[PlyCount "128"]
[GameId "2160767910969213"]
[EventDate "2005.03.24"]
[EventType "tourn"]
[EventRounds "7"]
[EventCountry "CAN"]

1. d4 d5 2. c4 c6 3. Nc3 Nf6 4. cxd5 cxd5 5. Bg5 Bf5 6. Bxf6 gxf6 7. e3 Nc6 8. Bb5 e6 9. Nge2 Bb4 10. O-O Rg8 11. Kh1 Ba5 12. Nf4 Bxc3 13. bxc3 e5 14. Ne2 Be4 15. Ng3 Bg6 16. Rc1 h5 17. Nxh5 Bxh5 18. Qxh5 Qd7 19. dxe5 fxe5 20. Bxc6 Qxc6 21. Qxe5+ Kf8 22. f3 Qg6 23. Rf2 Qh6 24. Re1 Rh8 25. h3 Rd8 26. Qf4 Qc6 27. Qd4 Rh6 28. e4 a6 29. exd5 Rxd5 30. Qe4 Qxc3 31. Rc2 Qa5 32. a3 Re6 33. Rc8+ Kg7 34. Qg4+ Rg6 35. Qb4 Qxb4 36. axb4 Rb5 37. Rc4 a5 38. bxa5 Rxa5 39. Rb4 b6 40. h4 Ra2 41. g4 Rf2 42. Rb3 Rf6 43. Ree3 Rd2 44. Red3 Rxd3 45. Rxd3 Rh6 46. h5 Rf6 47. Kg2 b5 48. Kg3 Rb6 49. f4 b4 50. Rb3 f6 51. Kf3 Kh6 52. Ke4 Kg7 53. Kd4 Kh6 54. Kc4 f5 55. gxf5 Kxh5 56. Rxb4 Rf6 57. Kd4 Rxf5 58. Ke3 Kg4 59. Rd4 Rf6 60. Ra4 Rf5 61. Ra8 Rxf4 62. Rg8+ Kf5 63. Rf8+ Ke5 64. Rxf4 Kd5 1-0

[Event "CYCC U12 w"]
[Site "Victoria CAN"]
[Date "2005.03.26"]
[Round "6.1"]
[White "Percival, Helen"]
[Black "Smith, Stephanie"]
[Result "1-0"]
[WhiteElo "1007"]
[BlackElo "1516"]
[PlyCount "107"]
[GameId "2160767910969214"]
[EventDate "2005.03.24"]
[EventType "tourn"]
[EventRounds "7"]
[EventCountry "CAN"]

1. e4 e5 2. Nf3 Nc6 3. Nc3 Nf6 4. Bb5 Bb4 5. O-O d6 6. d3 Bd7 7. Bg5 h6 8. Be3 a6 9. Bc4 O-O 10. Nh4 Nxe4 11. dxe4 Qxh4 12. Qf3 Bg4 13. Qg3 Qxg3 14. hxg3 Na5 15. Bb3 Nxb3 16. axb3 Bxc3 17. bxc3 Be6 18. c4 f5 19. exf5 Bxf5 20. Rac1 Kf7 21. f4 Ke6 22. fxe5 Kxe5 23. Bf4+ Ke6 24. Rce1+ Kd7 25. Re2 g5 26. Bc1 a5 27. Ref2 a4 28. Rxf5 Rxf5 29. Rxf5 a3 30. Rf1 a2 31. Bb2 Kc6 32. Kf2 b5 33. Ke3 bxc4 34. bxc4 Kc5 35. Kd3 Kb4 36. g4 Re8 37. Ra1 Ra8 38. Kd4 Rf8 39. Rxa2 Rf4+ 40. Kd3 Rxg4 41. Bc3+ Kc5 42. Ra5+ Kc6 43. Ra6+ Kc5 44. Bb2 Rg3+ 45. Ke4 Kxc4 46. Rc6+ Kb5 47. Rxc7 Rxg2 48. Kd5 Rd2+ 49. Bd4 h5 50. Rb7+ Ka6 51. Rb2 h4 52. Kc6 Ka5 53. Bc3+ Ka4 54. Ra2# 1-0

[Event "CYCC U12 w"]
[Site "Victoria CAN"]
[Date "2005.03.26"]
[Round "6.2"]
[White "Wang, Amanda"]
[Black "Bullerkist, Caitlin"]
[Result "1/2-1/2"]
[WhiteElo "1140"]
[BlackElo "1194"]
[PlyCount "68"]
[GameId "2160767910969215"]
[EventDate "2005.03.24"]
[EventType "tourn"]
[EventRounds "7"]
[EventCountry "CAN"]

1. e4 e5 2. Nf3 Nc6 3. d4 d6 4. dxe5 dxe5 5. Qxd8+ Nxd8 6. Nxe5 Nf6 7. Nc3 Bb4 8. Bd3 O-O 9. O-O Re8 10. f4 Ne6 11. Bc4 Rd8 12. f5 Nd4 13. Rd1 Bc5 14. Kh1 h6 15. Nxf7 Re8 16. Nd6+ Kf8 17. Nxe8 Kxe8 18. Nb5 Nxb5 19. Bxb5+ Kf7 20. e5 Ne4 21. Bc4+ Ke7 22. f6+ gxf6 23. exf6+ Kxf6 24. Rf1+ Kg7 25. Rf7+ Kg6 26. h3 b5 27. Bxb5 Kxf7 28. Bc6 Kg7 29. Bxh6+ Kf7 30. Rf1+ Bf2 31. Kh2 Be6 32. Be3 Bd5 33. Rxf2+ Nxf2 34. Bxf2 Bxc6 1/2-1/2

[Event "CYCC U12 w"]
[Site "Victoria CAN"]
[Date "2005.03.26"]
[Round "6.3"]
[White "Durbalau, Diana"]
[Black "Orlova, Yelizaveta"]
[Result "0-1"]
[WhiteElo "873"]
[BlackElo "1287"]
[PlyCount "69"]
[GameId "2160767910969216"]
[EventDate "2005.03.24"]
[EventType "tourn"]
[EventRounds "7"]
[EventCountry "CAN"]

1. e4 c5 2. Nc3 a6 3. Nf3 b5 4. a3 Bb7 5. d3 e6 6. Bd2 d5 7. Be2 Nf6 8. Bg5 Be7 9. Nd2 h6 10. Bf4 Nc6 11. a4 b4 12. Na2 g5 13. Bg3 Bd6 14. O-O h5 15. e5 Bxe5 16. Bxe5 Nxe5 17. f4 gxf4 18. Rxf4 Qe7 19. Qe1 Nfd7 20. Qh4 Qxh4 21. Rxh4 Nf6 22. Rf1 Ke7 23. Rhf4 Nfd7 24. Rh4 Nf6 25. Rhf4 Ned7 26. d4 cxd4 27. Nxb4 a5 28. Na2 e5 29. Rf5 Raf8 30. Bb5 h4 31. Bxd7 Nxd7 32. R5f3 e4 33. Rh3 Nb6 34. b3 Bc8 35. Rxh4 0-1

[Event "CYCC U12 w"]
[Site "Victoria CAN"]
[Date "2005.03.27"]
[Round "7.1"]
[White "Orlova, Yelizaveta"]
[Black "Wang, Amanda"]
[Result "1-0"]
[WhiteElo "1287"]
[BlackElo "1140"]
[PlyCount "87"]
[GameId "2160767910969217"]
[EventDate "2005.03.24"]
[EventType "tourn"]
[EventRounds "7"]
[EventCountry "CAN"]

1. e4 c6 2. d4 d5 3. Bd3 dxe4 4. Bxe4 Nf6 5. Bf3 Bf5 6. Ne2 e6 7. c4 Bxb1 8. Rxb1 Qa5+ 9. Nc3 Bb4 10. Bd2 Bxc3 11. Bxc3 Qxa2 12. b3 Qa3 13. c5 Nd5 14. Bxd5 exd5 15. Ra1 Qxa1 16. Qxa1 O-O 17. O-O Nd7 18. Qd1 Nf6 19. Re1 Ne4 20. Bb2 Rfe8 21. f3 Nf6 22. Re5 Rac8 23. Qd2 Rc7 24. Qa5 Rce7 25. Qxa7 Rxe5 26. dxe5 Nd7 27. Qxb7 Nxc5 28. Qxc6 Rd8 29. Qxc5 h6 30. e6 Re8 31. exf7+ Kxf7 32. Qxd5+ Kg6 33. Qe4+ Kf7 34. Qxe8+ Kxe8 35. Bxg7 h5 36. b4 Kd7 37. f4 Kd6 38. f5 Ke7 39. b5 Kf7 40. f6 Kg8 41. b6 Kh7 42. b7 Kg6 43. b8=Q Kh7 44. f7 1-0

[Event "CYCC U12 w"]
[Site "Victoria CAN"]
[Date "2005.03.27"]
[Round "7.2"]
[White "Bullerkist, Caitlin"]
[Black "Percival, Helen"]
[Result "0-1"]
[WhiteElo "1194"]
[BlackElo "1007"]
[PlyCount "126"]
[GameId "2160767910969218"]
[EventDate "2005.03.24"]
[EventType "tourn"]
[EventRounds "7"]
[EventCountry "CAN"]

1. e4 e5 2. Nf3 Nc6 3. Bc4 Nf6 4. Nc3 Nxe4 5. Nxe4 d5 6. Bd3 dxe4 7. Bxe4 Bc5 8. Bxc6+ bxc6 9. Nxe5 Qe7 10. Qe2 Bd6 11. d4 O-O 12. O-O c5 13. Re1 cxd4 14. Nc6 Qxe2 15. Rxe2 Bc5 16. Bf4 Bd7 17. Ne5 Bb5 18. Re4 Rfe8 19. f3 d3+ 20. Be3 Bxe3+ 21. Rxe3 f6 22. Ng4 Rxe3 23. Nxe3 d2 24. Nf1 Rd8 25. Rd1 Be2 26. Rxd2 Rxd2 27. Nxd2 Kf7 28. Kf2 Ba6 29. Ke3 Ke6 30. Ne4 Ke5 31. f4+ Kf5 32. g3 g5 33. Nc5 Bc4 34. b3 Bf7 35. a4 Kg4 36. Kf2 gxf4 37. Ne4 fxg3+ 38. hxg3 Kf5 39. Kf3 Bd5 40. g4+ Ke5 41. c4 Bxe4+ 42. Kg3 Bc2 43. b4 Bxa4 44. b5 c5 45. Kh4 Kf4 46. Kh5 Bd1 47. Kh6 Bxg4 48. Kxh7 Kg5 49. Kg7 Be2 50. Kf7 Bxc4+ 51. Ke7 Bxb5 52. Kd6 f5 53. Kxc5 f4 54. Kxb5 f3 55. Ka6 f2 56. Kxa7 f1=Q 57. Kb6 Qc4 58. Kb7 Kf6 59. Kb6 Ke6 60. Kb7 Kd7 61. Kb6 Qb4+ 62. Ka6 Kc7 63. Ka7 Qb7# 0-1

[Event "CYCC U12 w"]
[Site "Victoria CAN"]
[Date "2005.03.27"]
[Round "7.3"]
[White "Smith, Stephanie"]
[Black "Frenette, Catherine"]
[Result "0-1"]
[WhiteElo "1516"]
[BlackElo "1432"]
[PlyCount "114"]
[GameId "2160767910969219"]
[EventDate "2005.03.24"]
[EventType "tourn"]
[EventRounds "7"]
[EventCountry "CAN"]

1. d4 Nf6 2. Nf3 g6 3. Bf4 Bg7 4. e3 O-O 5. Nbd2 d6 6. Be2 Nc6 7. c3 Re8 8. Nc4 Nd5 9. Bg3 b5 10. Ncd2 a6 11. Qc2 e6 12. h4 Nf6 13. Ng5 h5 14. Nde4 Bb7 15. Nxf6+ Qxf6 16. f3 Qe7 17. Ne4 Nd8 18. Bf2 e5 19. g4 exd4 20. cxd4 hxg4 21. Ng5 gxf3 22. Bxf3 Bxf3 23. Nxf3 Ne6 24. O-O g5 25. hxg5 Nxg5 26. Nxg5 Qxg5+ 27. Kh1 Re6 28. Bg1 Rh6+ 29. Bh2 Qxe3 30. Qg2 Re8 31. Rg1 Qxd4 32. Rad1 Qe4 33. Rc1 Qxg2+ 34. Rxg2 c5 35. Rcg1 Rg6 36. Rxg6 fxg6 37. Rxg6 Re1+ 38. Rg1 Rxg1+ 39. Kxg1 Bxb2 40. Bxd6 Bd4+ 41. Kf1 Kf7 42. Ke2 Ke6 43. Bf8 Ke5 44. Kd2 c4 45. Bg7+ Ke4 46. Bxd4 Kxd4 47. Kc2 b4 48. Kb2 Kd3 49. Kb1 Kd2 50. Kb2 c3+ 51. Kb3 c2 52. Kxb4 c1=Q 53. a4 Kd3 54. a5 Kd4 55. Ka4 Qb1 56. Ka3 Kc4 57. Ka4 Qa1# 0-1

[Event "CYCC U14"]
[Site "Victoria CAN"]
[Date "2005.03.24"]
[Round "1.1"]
[White "Kaminski, Victor"]
[Black "Yu, Jeffrey Hong Cheung"]
[Result "1-0"]
[WhiteElo "2198"]
[BlackElo "1487"]
[PlyCount "89"]
[GameId "2160767910969220"]
[EventDate "2005.03.24"]
[EventType "swiss"]
[EventRounds "7"]
[EventCountry "CAN"]

1. e4 e5 2. Nf3 Nc6 3. Bc4 Bc5 4. Nc3 Nf6 5. d3 d6 6. O-O Bg4 7. Be3 Bb6 8. Nd5 Nxd5 9. Bxd5 O-O 10. h3 Bh5 11. c3 Qc8 12. Kh2 Ne7 13. Bb3 Kh8 14. g4 Bg6 15. Nh4 Qd7 16. Qf3 c6 17. Nf5 Rad8 18. Rad1 f6 19. Bxb6 axb6 20. Qe3 c5 21. d4 Nxf5 22. exf5 Bf7 23. dxc5 bxc5 24. Bd5 Bxd5 25. Rxd5 Qb5 26. Rfd1 Qxb2 27. Rxd6 Rxd6 28. Rxd6 Qxa2 29. Qxc5 Qf7 30. Rd7 Qg8 31. Rxb7 h6 32. Rc7 Rd8 33. c4 Qf8 34. Qxf8+ Rxf8 35. c5 Rd8 36. Kg2 Kg8 37. c6 Kf8 38. Kf3 Kg8 39. Rd7 Rc8 40. c7 Kh7 41. Ke4 h5 42. Kd5 hxg4 43. hxg4 Kh6 44. Kd6 g5 45. Rd8 1-0

[Event "CYCC U14"]
[Site "Victoria CAN"]
[Date "2005.03.24"]
[Round "1.2"]
[White "Ang, Adrian"]
[Black "Chung, Kevin"]
[Result "0-1"]
[WhiteElo "1455"]
[BlackElo "2048"]
[PlyCount "80"]
[GameId "2160767910969221"]
[EventDate "2005.03.24"]
[EventType "swiss"]
[EventRounds "7"]
[EventCountry "CAN"]

1. e4 e6 2. d4 d5 3. exd5 exd5 4. Nc3 c6 5. Bf4 Bd6 6. Bxd6 Qxd6 7. Bd3 Ne7 8. Nge2 O-O 9. O-O f5 10. Qd2 Nd7 11. Rfe1 Nf6 12. f3 Bd7 13. Qf4 Qb4 14. a3 Qb6 15. Na4 Qd8 16. Nc5 b6 17. Nxd7 Nxd7 18. Qh4 Rf6 19. Nf4 Nf8 20. Re2 Qd6 21. Nh5 Rf7 22. Rae1 Neg6 23. Qg3 Qxg3 24. Nxg3 Nf4 25. Re3 Nxd3 26. Rxd3 f4 27. Nf1 Nd7 28. Nd2 Kf8 29. c4 Re7 30. Rxe7 Kxe7 31. Kf2 Kd6 32. b4 dxc4 33. Nxc4+ Kd5 34. Nd2 Nf6 35. g3 g5 36. g4 h6 37. h3 a5 38. Rc3 axb4 39. axb4 Ra4 40. Rc4 Ra2 0-1

[Event "CYCC U14"]
[Site "Victoria CAN"]
[Date "2005.03.24"]
[Round "1.4"]
[White "Rouleau, Joel"]
[Black "Hambleton, Aman"]
[Result "0-1"]
[WhiteElo "1369"]
[BlackElo "1963"]
[PlyCount "38"]
[GameId "2160767910969222"]
[EventDate "2005.03.24"]
[EventType "swiss"]
[EventRounds "7"]
[EventCountry "CAN"]

1. e4 e6 2. d4 d5 3. e5 c5 4. c3 Nc6 5. Nf3 Qb6 6. g3 cxd4 7. cxd4 Nge7 8. Nc3 Nf5 9. Ne2 Bb4+ 10. Bd2 Bd7 11. a3 Bxd2+ 12. Qxd2 Na5 13. Rb1 Nc4 14. Qd1 Rc8 15. Nc3 Nxa3 16. bxa3 Qa5 17. Rxb7 Qxc3+ 18. Nd2 Nxd4 19. Ba6 Qxa3 0-1

[Event "CYCC U14"]
[Site "Victoria CAN"]
[Date "2005.03.24"]
[Round "1.5"]
[White "McDonald, Justin"]
[Black "Wee, Michael"]
[Result "1-0"]
[WhiteElo "1924"]
[BlackElo "1287"]
[PlyCount "95"]
[GameId "2160767910969223"]
[EventDate "2005.03.24"]
[EventType "swiss"]
[EventRounds "7"]
[EventCountry "CAN"]

1. e4 e6 2. d4 d5 3. Nc3 Bb4 4. exd5 exd5 5. Nge2 Bxc3+ 6. Nxc3 Nc6 7. Bf4 a6 8. Qd2 Bf5 9. Bd3 Bxd3 10. Qxd3 Qd7 11. O-O-O O-O-O 12. Na4 Nf6 13. f3 Nb4 14. Qb3 Qb5 15. Nc3 Qb6 16. a3 Nc6 17. Qxb6 cxb6 18. Bg5 Rd6 19. Rhe1 Re8 20. Rxe8+ Nxe8 21. Bf4 Rd8 22. Na4 Nc7 23. Nxb6+ Kb8 24. c3 Na7 25. Re1 Nc8 26. Nxc8 Kxc8 27. Re7 Rd7 28. Rxd7 Kxd7 29. Bxc7 Kxc7 30. Kc2 b5 31. b3 Kc6 32. Kd3 Kd6 33. c4 bxc4+ 34. bxc4 dxc4+ 35. Kxc4 Kc6 36. d5+ Kd6 37. Kd4 Kd7 38. Kc5 Kc7 39. d6+ Kd7 40. Kd5 Kd8 41. Kc6 Kc8 42. Kb6 Kd7 43. Kxa6 Kxd6 44. Kb6 Kd7 45. Kb7 Kd6 46. a4 Kc5 47. a5 Kb5 48. a6 1-0

[Event "CYCC U14"]
[Site "Victoria CAN"]
[Date "2005.03.24"]
[Round "1.6"]
[White "Higgins, Rehan"]
[Black "Ang, Alan"]
[Result "0-1"]
[WhiteElo "1208"]
[BlackElo "1878"]
[PlyCount "44"]
[GameId "2160767910969224"]
[EventDate "2005.03.24"]
[EventType "swiss"]
[EventRounds "7"]
[EventCountry "CAN"]

1. Nf3 d5 2. g3 Nc6 3. Bg2 e5 4. O-O Nf6 5. d3 Bc5 6. Nbd2 h6 7. e4 Be6 8. b3 d4 9. Nc4 Bd6 10. a4 Qd7 11. Re1 O-O 12. Ba3 Rfe8 13. Bb2 Bb4 14. Re2 Bg4 15. h3 Bxh3 16. Qc1 Bg4 17. c3 dxc3 18. Bxc3 Qxd3 19. Bxb4 Qxe2 20. Qc3 Nxb4 21. Qxb4 Bxf3 22. Bxf3 Qxf3 0-1

[Event "CYCC U14"]
[Site "Victoria CAN"]
[Date "2005.03.24"]
[Round "1.8"]
[White "Iserhoff, Scott"]
[Black "Brown, Gabriel"]
[Result "0-1"]
[WhiteElo "1018"]
[BlackElo "1789"]
[PlyCount "20"]
[GameId "2160767910969226"]
[EventDate "2005.03.24"]
[EventType "swiss"]
[EventRounds "7"]
[EventCountry "CAN"]

1. e4 c5 2. Nh3 d6 3. Ng5 e5 4. Bc4 Qxg5 5. Qf3 Nf6 6. h4 Qg4 7. Bb5+ Bd7 8. Qc3 Bxb5 9. f3 Qxg2 10. Qa5 Qe2# 0-1

[Event "CYCC U14"]
[Site "Victoria CAN"]
[Date "2005.03.24"]
[Round "1.9"]
[White "Me, Kevin"]
[Black "Kipanik-Borton, Josh"]
[Result "1-0"]
[WhiteElo "1762"]
[BlackElo "1011"]
[PlyCount "45"]
[GameId "2160767910969227"]
[EventDate "2005.03.24"]
[EventType "swiss"]
[EventRounds "7"]
[EventCountry "CAN"]

1. e4 e5 2. Nf3 f6 3. Bc4 Ne7 4. c3 c6 5. d3 b5 6. Bb3 Bb7 7. O-O d5 8. Qe2 a5 9. a3 Na6 10. Be3 b4 11. axb4 axb4 12. Rd1 Nc5 13. Bxc5 Rxa1 14. Bxb4 Ba6 15. Ba3 dxe4 16. Nfd2 exd3 17. Qg4 f5 18. Qa4 Bb5 19. Qa7 e4 20. c4 Bxc4 21. Nxc4 Nc8 22. Ne5 d2 23. Bf7# 1-0

[Event "CYCC U14"]
[Site "Victoria CAN"]
[Date "2005.03.24"]
[Round "1.10"]
[White "Thomson, Stephen"]
[Black "Wang, Shane"]
[Result "0-1"]
[WhiteElo "1213"]
[BlackElo "1748"]
[PlyCount "56"]
[GameId "2160767910969228"]
[EventDate "2005.03.24"]
[EventType "swiss"]
[EventRounds "7"]
[EventCountry "CAN"]

1. e4 e6 2. Nf3 d5 3. exd5 exd5 4. d4 Bd6 5. Nc3 Ne7 6. Bd3 Nbc6 7. Be3 Bg4 8. O-O Qd7 9. h3 Bh5 10. Be2 O-O-O 11. Nb5 f6 12. Qd2 g5 13. Nxd6+ Qxd6 14. c3 Bxf3 15. Bxf3 h5 16. Qd3 Rdg8 17. Rfe1 g4 18. hxg4 hxg4 19. Bd1 g3 20. Kf1 f5 21. b4 f4 22. Bd2 Rh1+ 23. Ke2 f3+ 24. Qxf3 Nxd4+ 25. Kd3 Nxf3 26. Bxf3 Rxe1 27. Rxe1 gxf2 28. Rf1 Qa6+ 0-1